Online
Catalog

Sai Baba y el psiquiatra / (Record no. 36374)

MARC details
000 -CABECERA
campo de control de longitud fija 00741nam a2200205 a 4500
001 - NÚMERO DE CONTROL
campo de control 000036883
005 - FECHA Y HORA DE LA ÚLTIMA TRANSACCIÓN
campo de control 20200930080009.0
008 - DATOS DE LONGITUD FIJA--INFORMACIÓN GENERAL
campo de control de longitud fija 120203s1996 ag a 000 0 spa d
040 ## - FUENTE DE LA CATALOGACIÓN
Centro catalogador/agencia de origen DO-SdBNP
Lengua de catalogación spa
Centro/agencia transcriptor BNPHU
041 17 - CÓDIGO DE LENGUA
Código de lengua del texto/banda sonora o título independiente spa
Código de lengua original eng
100 1# - ENTRADA PRINCIPAL--NOMBRE DE PERSONA
Nombre de persona Sandweiss, Samuel H.
9 (RLIN) 63260
245 10 - MENCIÓN DE TÍTULO
Título Sai Baba y el psiquiatra /
Mención de responsabilidad, etc. Samuel H. Sandweiss ;traducción María Martínez de Velázquez.
260 ## - PUBLICACIÓN, DISTRIBUCIÓN, ETC.
Lugar de publicación, distribución, etc. Buenos Aires :
Nombre del editor, distribuidor, etc. Errepar,
Fecha de publicación, distribución, etc. 1996.
300 ## - DESCRIPCIÓN FÍSICA
Extensión 312 p. :
Otras características físicas il. ;
Dimensiones 23 cm.
534 ## - NOTA SOBRE LA VERSIÓN ORIGINAL
Frase introductoria Tít. original:
Mención de título del original Sai Baba, the holy man ... and the psychiatrist
600 14 - PUNTO DE ACCESO ADICIONAL DE MATERIA--NOMBRE DE PERSONA
Nombre de persona SATHYA SAI BABA,
Fechas asociadas al nombre 1926-2011
9 (RLIN) 63261
650 24 - PUNTO DE ACCESO ADICIONAL DE MATERIA--TÉRMINO DE MATERIA
Término de materia o nombre geográfico como elemento de entrada Psicología de la religión
9 (RLIN) 34405
650 24 - PUNTO DE ACCESO ADICIONAL DE MATERIA--TÉRMINO DE MATERIA
Término de materia o nombre geográfico como elemento de entrada Judaísmo
9 (RLIN) 24148
700 1# - PUNTO DE ACCESO ADICIONAL--NOMBRE DE PERSONA
Nombre de persona Martínez de Velázquez, María,
Término indicativo de función/relación trad.
9 (RLIN) 63262

No items available.

Powered by Koha